000 00303nam a2200133Ia 4500
008 240624s9999 xx 000 0 und d
041 _aeng
082 _a343.04 TAX
100 _aTAXMANN
245 _aINDIRECT TAX LAWS
250 _a(9th ed.)
260 _c2012
_aNew Delhi
_bTaxmann
365 _cRS
_b29
999 _c20911
_d20911